|
|
|
|
| LEADER |
01546nam a22004094a 4500 |
| 001 |
40402 |
| 003 |
BD-DhAAL |
| 005 |
20230214162820.0 |
| 008 |
230112r20001999nyua 001 0 eng |
| 010 |
|
|
|a 99059697
|
| 020 |
|
|
|a 0385499345
|
| 020 |
|
|
|a 978035499347
|
| 040 |
|
|
|a DLC
|c DLC
|d DLC
|d BD-DhAAL
|
| 042 |
|
|
|a pcc
|
| 043 |
|
|
|a n-us---
|
| 082 |
0 |
0 |
|a 337
|2 21
|
| 100 |
1 |
|
|a Friedman, Thomas L.
|
| 245 |
1 |
4 |
|a The Lexus and the olive tree /
|c Thomas L. Friedman.
|
| 250 |
|
|
|a First Anchor Books edition
|
| 260 |
|
|
|a New York :
|b Anchor Books,
|c c2000.
|
| 300 |
|
|
|a xxii, 490 pages :
|b illustrations ;
|c 21 cm.
|
| 500 |
|
|
|a "Newly updated and expanded edition"--Front cover.
|
| 500 |
|
|
|a Originally published: New York : Farrar Straus Giroux, c1999.
|
| 504 |
|
|
|a Includes index.
|
| 541 |
|
|
|a Donated by Abkar Ali Khan
|e 40402
|
| 650 |
|
0 |
|a International economic relations.
|
| 650 |
|
0 |
|a Free trade.
|
| 650 |
|
0 |
|a Capitalism
|x Social aspects.
|
| 650 |
|
0 |
|a Technological innovations
|x Economic aspects.
|
| 650 |
|
0 |
|a Technological innovations
|x Social aspects.
|
| 650 |
|
0 |
|a Intercultural communication.
|
| 650 |
|
0 |
|a Globalization.
|
| 651 |
|
0 |
|a United States
|x Foreign economic relations.
|
| 852 |
|
|
|a Ayesha Abed Library
|c Akbar Ali Khan Collection
|
| 942 |
|
|
|2 ddc
|c BK
|
| 999 |
|
|
|c 45452
|d 45452
|
| 952 |
|
|
|0 0
|1 0
|2 ddc
|4 0
|6 337_000000000000000_FRI
|7 1
|9 72871
|a BRACUL
|b BRACUL
|c AAKC
|d 2023-01-12
|e Donated by Akbar Ali Khan
|g 1561.58
|l 0
|o 337 FRI
|p 3010040402
|r 2023-01-12
|t 1
|v 1561.58
|w 0000-00-00
|y BK
|x $15.00 Price available in book
|